000 00463nam a2200133Ia 4500
008 170221s9999 xx 000 0 und d
100 _aBrian T Parker
245 4 _aThe Influence of Brand Equity on Consumer Response toward Environmental Product Advertisements
245 _cBrian T Parker
260 _bStudies in Media and Communication
650 _xCommunication
650 _xMedia Arts
856 _uhttp://redfame.com/journal/index.php/smc/issue/view/33
999 _c312830
_d312830